=LDR 00000nam 2200000 4500 =001 INLIS000000000006523 =005 20251110023417 =035 ##$$a 0010-1125000397 =007 ta =008 251110###########################0#ind## =082 ##$$a 362.509 =084 ##$$a 362.509 BAD p =100 #$$a Badan Koordinasi Keluarga Berencana Nasional =245 1#$$a Peranan Takesra dan Kukesra /$c Badan Koordinasi Keluarga Berencana Nasional =260 ##$:$b Badan Koordinasi Keluarga Berencana Nasional =300 ##$$a 4 Hal : $b Ilus ; $c 21 =650 #4$$a Keluarga Berencana =856 ##$$a Perpustakaan Kemendukbangga